000 00285nam a22001337a 4500
008 170307b xxu||||| |||| 00| 0 eng d
020 _a9780781773119
041 _aeng
080 _24TH
_a611
100 _a6
101 _aSHM
245 _aPHYSIOLOGY
_cCOSTANZO, L.S
942 _2udc
_cBK
999 _c6991
_d6991